00000000nam##2200000za#4500
0019.533974
003CaOODSP
00520210615083427
007ta
008150406|1999||||xxc|||||     f|0| 0 eng|d
040 |aCaOODSP|beng
041 |aeng
041 |afre
043 |an-cn---
0861 |aSP2-6/1999
1101 |aCanada. |bQueen's Printer.
24510|aBanks, trust companies and loan companies: unclaimed balances reported as at December 31, 1999 : |bby the chartered banks of Canada / |c(Office of the Superintendent of Financial Institutions: Bank Act.)
260 |aOttawa - Ontario : |bQueen's Printer |c1999.
300 |a480p. ; |c28 cm.
4901 |aCanada gazette, part I. Supplement
500 |aSupplement, Canada Gazette, Part 1, June 24, 2000.
546 |aBilingual
563 |aSoftcover
590 |a00-26|b2000-06-30
69007|aBanking|2gcpds
69007|aFinancial institutions|2gcpds
7760#|tBanques, sociétés de fiducie et sociétés de prêt - soldes non réclamés : |w(CaOODSP)9.587836
792 |tBanques, sociétés de fiducie et sociétés de prêt: soldes non réclamés au 31 décembre 1999 : |efre|w(CaOODSP)9.533975
830#0|aCanada gazette, part I. Supplement.|w(CaOODSP)9.509660